<?xml version="1.0" encoding="UTF-8"?>
<record
    xmlns:xsi="http://www.w3.org/2001/XMLSchema-instance"
    xsi:schemaLocation="http://www.loc.gov/MARC21/slim http://www.loc.gov/standards/marcxml/schema/MARC21slim.xsd"
    xmlns="http://www.loc.gov/MARC21/slim">

  <leader>00806nam a2200241 a 4500</leader>
  <controlfield tag="008">                                        </controlfield>
  <datafield tag="020" ind1=" " ind2=" ">
    <subfield code="a">0781710189 (hbk. )</subfield>
  </datafield>
  <datafield tag="049" ind1=" " ind2=" ">
    <subfield code="a">MAIN</subfield>
  </datafield>
  <datafield tag="090" ind1=" " ind2=" ">
    <subfield code="a">RC687</subfield>
    <subfield code="b">COR</subfield>
  </datafield>
  <datafield tag="245" ind1="0" ind2="0">
    <subfield code="a">Coronary artery anomalies :</subfield>
    <subfield code="b">a comprehensive approach /</subfield>
    <subfield code="c">editor, Paolo Angelini ; managing editor, Virginia D. Fairchild.</subfield>
  </datafield>
  <datafield tag="260" ind1=" " ind2=" ">
    <subfield code="a">Philadelphia :</subfield>
    <subfield code="b">Lippincott Williams &amp; Wilkins,</subfield>
    <subfield code="c">c1999.</subfield>
  </datafield>
  <datafield tag="300" ind1=" " ind2=" ">
    <subfield code="a">xiii, 200 p. :</subfield>
    <subfield code="b">ill. ;</subfield>
    <subfield code="c">29 cm.</subfield>
  </datafield>
  <datafield tag="504" ind1=" " ind2=" ">
    <subfield code="a">Includes bibliographical references.</subfield>
  </datafield>
  <datafield tag="500" ind1=" " ind2=" ">
    <subfield code="a">Includes index.</subfield>
  </datafield>
  <datafield tag="650" ind1=" " ind2="0">
    <subfield code="a">Congenital heart disease.</subfield>
  </datafield>
  <datafield tag="650" ind1=" " ind2="0">
    <subfield code="a">Coronary arteries</subfield>
    <subfield code="x">Abnormalities.</subfield>
  </datafield>
  <datafield tag="700" ind1="1" ind2=" ">
    <subfield code="a">Angelini, Paolo.</subfield>
  </datafield>
  <datafield tag="907" ind1=" " ind2=" ">
    <subfield code="a">.b10144651</subfield>
    <subfield code="b">27-07-12</subfield>
    <subfield code="c">03-01-05</subfield>
  </datafield>
  <controlfield tag="003"></controlfield>
  <controlfield tag="005">20230120203833.0</controlfield>
  <datafield tag="040" ind1=" " ind2=" ">
    <subfield code="c">NUST</subfield>
  </datafield>
  <datafield tag="942" ind1=" " ind2=" ">
    <subfield code="c">BOOKS</subfield>
    <subfield code="k">RC687</subfield>
    <subfield code="m">COR</subfield>
  </datafield>
  <datafield tag="999" ind1=" " ind2=" ">
    <subfield code="c">112368</subfield>
    <subfield code="d">112368</subfield>
  </datafield>
  <datafield tag="952" ind1=" " ind2=" ">
    <subfield code="r">2023-01-20 00:00:00</subfield>
    <subfield code="l">0</subfield>
    <subfield code="o">RC687 COR</subfield>
    <subfield code="p">92003033677</subfield>
    <subfield code="v">80.00</subfield>
    <subfield code="w">2023-01-20</subfield>
    <subfield code="y">BOOKS</subfield>
    <subfield code="1">0</subfield>
    <subfield code="2">LCC</subfield>
    <subfield code="4">0</subfield>
    <subfield code="7">0</subfield>
    <subfield code="8">NFIC</subfield>
    <subfield code="0">0</subfield>
    <subfield code="a">Medical</subfield>
    <subfield code="b">Medical</subfield>
    <subfield code="c">GEN</subfield>
    <subfield code="d">2023-01-20</subfield>
    <subfield code="g">80.00</subfield>
  </datafield>
</record>
